Dějiny světa 1 /
První svazek zpracovává dějiny od počátku do roku 1200 př. Kr. v širokém geografickém záběru od Afriky přes Evropu a Asii až po Ameriku a Arktidu. Sleduje vývoj rodu Homo sapiens v době kamenné a rozšíření člověka po všech kontinentech před dobou ledovou. Seznamuje se vznikem prvních velkých sídlišť...
Uloženo v:
| Série: | Dějiny světa,
část 1 |
|---|---|
| Hlavní autor: | |
| Médium: | E-kniha |
| Jazyk: | Czech |
| Vydáno: |
Praha :
Albatros Media a.s.,
2020
|
| Příbuzné jednotky: | Z cyklu::
Dějiny světa |
| Tagy: |
Žádné tagy |
| LEADER | 01400nam a22002417i 4500 | ||
|---|---|---|---|
| 001 | 311274 | ||
| 007 | ta | ||
| 008 | 260601s2020 xr ||||| |||| 00| 0 cze d | ||
| 020 | |a 9788076011953 | ||
| 044 | |a xr | ||
| 100 | 1 | |a Jockenhövel, Albrecht |4 aut | |
| 245 | 1 | 0 | |a Dějiny světa 1 / |c Jockenhövel, Albrecht |
| 240 | 1 | 0 | |a WBG Weltgeschichte 1 |
| 264 | 1 | |a Praha : |b Albatros Media a.s., |c 2020 | |
| 300 | |a 1 online zdroj (480 stran) | ||
| 336 | |a text |b txt |2 rdacontent | ||
| 337 | |a bez média |b n |2 rdamedia | ||
| 338 | |a online zdroj |b cr |2 rdacarrier | ||
| 520 | 2 | |a První svazek zpracovává dějiny od počátku do roku 1200 př. Kr. v širokém geografickém záběru od Afriky přes Evropu a Asii až po Ameriku a Arktidu. Sleduje vývoj rodu Homo sapiens v době kamenné a rozšíření člověka po všech kontinentech před dobou ledovou. Seznamuje se vznikem prvních velkých sídlišť počátkem neolitu - základem prvních vyspělých civilizací. . | |
| 787 | 0 | 8 | |g 1 |i Z cyklu: |t Dějiny světa |
| 910 | |a RBIT002 | ||
| 998 | |d 294996 |a https://core.palmknihy.cz/api/books/294996/cover?si61yw |b https://core.palmknihy.cz/api/books/294996/cover/400?si61yw |c https://core.palmknihy.cz/api/books/294996/cover/50?si61yw |e 2030-06-30 |g 480 |i 9788076011953 |k https://core.palmknihy.cz/api/books/294996/preview.pdf |l |q 49 |r 1 |s https://www.palmknihy.cz/kniha/294996 |t ebook |y 2020 |z 1 |v Dějiny světa |w 1 | ||
| 999 | |d 311272 | ||